=LDR 00000nam 2200000 4500 =001 INLIS000000000034349 =005 20130612140247 =008 ***********************************ind** =035 ##$$a0010-061300000034349 =041 ##$$a ind =082 ##$$a 001.42 =090 ##$$a 001.42, San p =100 ##$$a SANJAYA, B =245 ##$$a Panduan Penelitian, B. Sanjaya dan Albertus Hariyanto ; editor, Harsono =260 ##$$a 2006 $b Jakarta =300 ##$$a xviii, 283 hlm, 20 cm =650 ##$$a Penelitian - Metode =700 ##$$a Heriyanto, Albertus =850 ##$$a NBPNMAT =990 ##$$a 0065/PN/2014 =990 ##$$a 93300/BPAP-NTB/2014